Rasoolullah Ki Naaten (Record no. 751)

MARC details
000 -LEADER
fixed length control field 00620nam a2200253 a 4500
020 ## - INTERNATIONAL STANDARD BOOK NUMBER
ISBN
082 00 - DEWEY DECIMAL CLASSIFICATION NUMBER
Classification number 297.63
Author Cutter ABD3
100 ## - MAIN ENTRY--AUTHOR NAME
Author name Abdus Sattar,
245 ## - TITLE STATEMENT
Title Rasoolullah Ki Naaten
260 ## - PUBLICATION, DISTRIBUTION, ETC. (IMPRINT)
Place of publication Delhi
Name of publisher Idara-I-Adabiyat-I-Dilli
Year of publication 0000
300 ## - PHYSICAL DESCRIPTION
Number of Pages 96p
500 ## - GENERAL NOTE
General note includes index and biblioraphy
505 2# - FORMATTED CONTENTS NOTE
Formatted contents note scn book club study project.3
650 ## - SUBJECT ADDED ENTRY--TOPICAL TERM
Topical Term Muhammad
650 ## - SUBJECT ADDED ENTRY--TOPICAL TERM
Topical Term Muhammad, Prophet
942 ## - ADDED ENTRY ELEMENTS (KOHA)
Koha item type Books
700 1# -
-- Abdus Sattar,
Holdings
Collection code Home library Current library Date acquired Cost, normal purchase price Full call number Accession Number Koha item type
  Henry Martyn Institute Library Henry Martyn Institute Library 07/05/2007 100.00 297.63 ABD3 03655 Books
                   Copyright © 2026 | Henry Martyn Institute | Hyderabad | TS-500052 | INDIA | Implemented by hmi.edu.in
Hit-Count:

Powered by Koha